000 00513nam a2200169Ia 4500
008 090201s9999 xx 000 0 und d
010 _aKPL-18241
040 _bमराठी
041 _aमराठी
082 _a6371
_b18241
100 _aआनंद साधले
245 _aकुमार संभव
_cआनंद साधले
260 _c2004
_bप्रिया प्रकाशन
300 _a184
_bमोठा
600 _aकुमार संभव
942 _cBOOK
999 _c207194
_d207194